The Norton anthology of English literature / (Record no. 12756)
[ view plain ]
| 000 -LEADER | |
|---|---|
| fixed length control field | 00841cam a2200325Ia 4500 |
| 020 ## - INTERNATIONAL STANDARD BOOK NUMBER | |
| ISBN | 0393975657 |
| 020 ## - INTERNATIONAL STANDARD BOOK NUMBER | |
| ISBN | 9780393975659 |
| 020 ## - INTERNATIONAL STANDARD BOOK NUMBER | |
| ISBN | 0393975665 |
| 020 ## - INTERNATIONAL STANDARD BOOK NUMBER | |
| ISBN | 9780393975666 |
| 020 ## - INTERNATIONAL STANDARD BOOK NUMBER | |
| ISBN | 0393975673 |
| 020 ## - INTERNATIONAL STANDARD BOOK NUMBER | |
| ISBN | 9780393975673 |
| 020 ## - INTERNATIONAL STANDARD BOOK NUMBER | |
| ISBN | 0393975681 |
| 020 ## - INTERNATIONAL STANDARD BOOK NUMBER | |
| ISBN | 9780393975680 |
| 020 ## - INTERNATIONAL STANDARD BOOK NUMBER | |
| ISBN | 039397569X |
| 020 ## - INTERNATIONAL STANDARD BOOK NUMBER | |
| ISBN | 9780393975697 |
| 020 ## - INTERNATIONAL STANDARD BOOK NUMBER | |
| ISBN | 0393975703 |
| 020 ## - INTERNATIONAL STANDARD BOOK NUMBER | |
| ISBN | 9780393975703 |
| 040 ## - CATALOGING SOURCE | |
| Transcribing agency | SMX |
| 082 #4 - DEWEY DECIMAL CLASSIFICATION NUMBER | |
| Classification number | 820 NOR 2000 A094 Or. |
| 245 04 - TITLE STATEMENT | |
| Title | The Norton anthology of English literature / |
| 246 30 - VARYING FORM OF TITLE | |
| Title proper/short title | Anthology of English literature |
| 250 ## - EDITION STATEMENT | |
| Edition statement | 7th ed. |
| 260 ## - PUBLICATION, DISTRIBUTION, ETC. (IMPRINT) | |
| Place of publication | New York : |
| Name of publisher | Norton, |
| Year of publication | ℗♭2000- |
| 300 ## - PHYSICAL DESCRIPTION | |
| Number of Pages | 6 volumes : |
| Other physical details | maps ; |
| Dimensions | 25 cm |
| 500 ## - GENERAL NOTE | |
| General note | Maps on lining papers. |
| 650 #0 - SUBJECT ADDED ENTRY--TOPICAL TERM | |
| Topical Term | English literature. |
| 700 1# - ADDED ENTRY--PERSONAL NAME | |
| Personal name | Abrams, M. H. |
| 700 1# - ADDED ENTRY--PERSONAL NAME | |
| Personal name | Greenblatt, Stephen, |
| 942 ## - ADDED ENTRY ELEMENTS (KOHA) | |
| Koha item type | សៀវភៅភាសាអង់គ្លេស |
| 952 ## - LOCATION AND ITEM INFORMATION (KOHA) | |
| Withdrawn status [LOCAL, KOHA] | 0 |
| Permanent Location | Date acquired | Koha item type | Lost status | Shelving location | Barcode | Current Location | Full call number |
|---|---|---|---|---|---|---|---|
| Library Block A | 2017-08-16 | សៀវភៅភាសាអង់គ្លេស | A094 | A21405 | Library Block A | 820 NOR 2000 A094 Or. |